000 00488nam a22001697a 4500
003 NUST - PNEC
005 20170116181052.0
008 150929b xxu||||| |||| 00| 0 eng d
020 _a1563273101
040 _cLIBRARY
082 _a658.575 FIO
100 _911922
_a Fiore, Clifford
245 _aAccelerated product development : combining lean and Six sigma for peak performance
_cFiore, Clifford
260 _cc 1960
650 _911924
_aNew products
_xGeneral
942 _2ddc
_cBK
999 _c68420
_d68420